[Event "Campinas Labegalini Memoria 16th"]
[Site "Campinas"]
[Date "2009.09.06"]
[Round "10"]
[White "Freitas, Romeu Salvador"]
[Black "Freire, Rodrigo da Silva"]
[Result "1-0"]
[WhiteElo "2204"]
[BlackElo "2006"]
[PlyCount "73"]
[EventDate "2009.08.07"]
[EventType "tourn"]
[EventRounds "11"]
[EventCountry "BRA"]
[SourceTitle "EXT 2022"]
[Source "ChessBase"]
[SourceDate "2021.10.06"]
[SourceVersion "1"]
[SourceVersionDate "2021.10.06"]
[SourceQuality "1"]

1. d4 Nf6 2. c4 g6 3. Nc3 Bg7 4. e4 d6 5. Nf3 0-0 6. Be2 e5 7. 0-0 Nc6 8. d5 Ne7 9. b4 Nd7 10. c5 f5 11. Ng5 Nf6 12. f3 h6 13. Ne6 Bxe6 14. dxe6 dxc5 15. Qxd8 Rfxd8 16. bxc5 a6 17. Rb1 Rab8 18. Bc4 Kh7 19. Ba3 Bf8 20. Rfd1 fxe4 21. Nxe4 Nxe4 22. fxe4 Nc6 23. Rxd8 Nxd8 24. Rd1 Kg7 25. Rf1 b5 26. cxb6 Bxa3 27. bxc7 Rc8 28. cxd8Q Rxd8 29. Bxa6 Rd4 30. Bb7 h5 31. Bd5 Rb4 32. e7 Rb8 33. Rf7+ Kh6 34. Bc6 Bc5+ 35. Kf1 Rb1+ 36. Ke2 Rb2+ 37. Kf3 1-0

[Event "Campinas IRT LCX 15th"]
[Site "Campinas"]
[Date "2009.08.14"]
[Round "7"]
[White "Mello, Marcos Fernando"]
[Black "Freire, Rodrigo da Silva"]
[Result "0-1"]
[WhiteElo "1556"]
[BlackElo "1857"]
[PlyCount "70"]
[EventDate "2008.07.24"]
[EventType "tourn"]
[EventRounds "11"]
[EventCountry "BRA"]
[SourceTitle "EXT 2022"]
[Source "ChessBase"]
[SourceDate "2021.10.06"]
[SourceVersion "1"]
[SourceVersionDate "2021.10.06"]
[SourceQuality "1"]

1. d4 d5 2. c4 c6 3. Nf3 Nf6 4. cxd5 cxd5 5. Nc3 Bg4 6. e3 Nc6 7. Be2 e6 8. 0-0 Bd6 9. h3 Bxf3 10. Bxf3 0-0 11. Qe2 Re8 12. Bd2 e5 13. Nxd5 exd4 14. Nxf6+ Qxf6 15. Rfc1 Qe5 16. g3 dxe3 17. Qxe3 Qxb2 18. Qc3 Be5 19. Qxb2 Bxb2 20. Rab1 Bxc1 21. Rxc1 Rad8 22. Bxc6 bxc6 23. Be3 a6 24. Rxc6 Re6 25. Rxe6 fxe6 26. a4 Rd1+ 27. Kg2 Ra1 28. Kf3 Rxa4 29. g4 Kf7 30. Ke2 e5 31. Kd3 Ke6 32. Kc3 Kd5 33. Kb3 Re4 34. Ka3 Rxe3+ 35. fxe3 Ke4 0-1

[Event "Campinas Labegalini Memoria 16th"]
[Site "Campinas"]
[Date "2009.08.08"]
[Round "3"]
[White "Dos Santos, Leonardo Augusto"]
[Black "Freire, Rodrigo da Silva"]
[Result "0-1"]
[WhiteElo "1954"]
[BlackElo "2006"]
[PlyCount "86"]
[EventDate "2009.08.07"]
[EventType "tourn"]
[EventRounds "11"]
[EventCountry "BRA"]
[SourceTitle "EXT 2022"]
[Source "ChessBase"]
[SourceDate "2021.10.06"]
[SourceVersion "1"]
[SourceVersionDate "2021.10.06"]
[SourceQuality "1"]

1. e4 e5 2. Nf3 Nc6 3. Bb5 a6 4. Bxc6 dxc6 5. 0-0 Bd6 6. d4 Bg4 7. dxe5 Bxf3 8. Qxf3 Bxe5 9. Rd1 Qf6 10. Qxf6 Nxf6 11. f4 Bd6 12. e5 Bc5+ 13. Kf1 Ng4 14. h3 Ne3+ 15. Bxe3 Bxe3 16. g3 Ke7 17. Nc3 Rhd8 18. Ke2 Bd4 19. Rd3 Bxc3 20. Rxc3 Ke6 21. Rd3 g5 22. fxg5 Rd5 23. h4 Rxe5+ 24. Kf3 Rf8 25. Re3 f6 26. gxf6 Rxf6+ 27. Ke2 h5 28. Rxe5+ Kxe5 29. Ke3 c5 30. Rd1 Rd6 31. Rxd6 cxd6 32. Kf3 Kf5 33. c4 b5 34. b3 b4 35. Ke3 a5 36. Kf3 d5 37. cxd5 c4 38. bxc4 a4 39. c5 Ke5 40. d6 Ke6 41. g4 hxg4+ 42. Kxg4 b3 43. axb3 axb3 0-1

[Event "Campinas IRT LCX 15th"]
[Site "Campinas"]
[Date "2009.07.25"]
[Round "2"]
[White "Freire, Rodrigo da Silva"]
[Black "Martinez, Janine"]
[Result "1/2-1/2"]
[WhiteElo "1857"]
[BlackElo "1952"]
[PlyCount "54"]
[EventDate "2008.07.24"]
[EventType "tourn"]
[EventRounds "11"]
[EventCountry "BRA"]
[SourceTitle "EXT 2022"]
[Source "ChessBase"]
[SourceDate "2021.10.06"]
[SourceVersion "1"]
[SourceVersionDate "2021.10.06"]
[SourceQuality "1"]

1. e4 e6 2. d4 d5 3. Nc3 Bb4 4. e5 c5 5. a3 Bxc3+ 6. bxc3 Qa5 7. Qd2 cxd4 8. cxd4 Qxd2+ 9. Bxd2 Nc6 10. Nf3 Nge7 11. Bd3 Bd7 12. Ke2 f6 13. Rhb1 b6 14. exf6 gxf6 15. Bf4 Kf7 16. a4 Rac8 17. Ba6 Rcg8 18. Bg3 Nf5 19. c3 Nxg3+ 20. hxg3 Na5 21. Rh1 Bc8 22. Bb5 Bb7 23. Rh4 Bc6 24. Bd3 h6 25. Rah1 Bxa4 26. Rxh6 Rxh6 27. Rxh6 Bb3 1/2-1/2

[Event "Campinas IRT LCX 15th"]
[Site "Campinas"]
[Date "2009.07.25"]
[Round "3"]
[White "Goncalves, Marcus Vinicius M"]
[Black "Freire, Rodrigo da Silva"]
[Result "0-1"]
[WhiteElo "1813"]
[BlackElo "1857"]
[PlyCount "92"]
[EventDate "2008.07.24"]
[EventType "tourn"]
[EventRounds "11"]
[EventCountry "BRA"]
[SourceTitle "EXT 2022"]
[Source "ChessBase"]
[SourceDate "2021.10.06"]
[SourceVersion "1"]
[SourceVersionDate "2021.10.06"]
[SourceQuality "1"]

1. d4 Nf6 2. c4 g6 3. Nf3 Bg7 4. Nc3 d6 5. g3 0-0 6. Bg2 Re8 7. 0-0 Nbd7 8. e4 e5 9. h3 c6 10. d5 Nc5 11. Re1 a5 12. a3 Qc7 13. Qc2 Bd7 14. Be3 cxd5 15. Nxd5 Nxd5 16. cxd5 Rec8 17. Nd2 f5 18. Rac1 Qd8 19. Qb1 b5 20. b4 axb4 21. axb4 Na4 22. h4 Kh8 23. Rxc8 Rxc8 24. Nb3 f4 25. gxf4 Qxh4 26. fxe5 Bxe5 27. Rc1 Nc3 28. Qd3 Bg4 29. Nd4 Qh2+ 30. Kf1 Bh3 31. Bxh3 Qxh3+ 32. Ke1 Qh1+ 33. Qf1 Qxe4 34. Qh3 Ra8 35. Qe6 Qh1+ 36. Kd2 Ne4+ 37. Ke2 Ra2+ 38. Nc2 Nc3+ 39. Kd2 Qxd5+ 40. Qxd5 Nxd5 41. Kd3 Kg7 42. Ke4 Nf6+ 43. Kd3 Kf7 44. Rb1 Nd5 45. Rf1 Ke6 46. f4 Bf6 0-1

[Event "Campinas 06"]
[Site "Campinas"]
[Date "2009.06.27"]
[Round "11"]
[White "Freire, Rodrigo da Silva"]
[Black "De Moraes, Francisco Jose Baen"]
[Result "1-0"]
[WhiteElo "1857"]
[BlackElo "1985"]
[PlyCount "103"]
[EventDate "2009.06.05"]
[EventType "tourn"]
[EventRounds "14"]
[EventCountry "BRA"]
[SourceTitle "EXT 2022"]
[Source "ChessBase"]
[SourceDate "2021.10.06"]
[SourceVersion "1"]
[SourceVersionDate "2021.10.06"]
[SourceQuality "1"]

1. e4 c6 2. d4 d5 3. Nc3 dxe4 4. Nxe4 Nd7 5. Bc4 Ngf6 6. Ng5 e6 7. Qe2 Nb6 8. Bb3 c5 9. dxc5 Bxc5 10. Qb5+ Nbd7 11. N1f3 h6 12. Nh3 Qb6 13. Qxb6 Bxb6 14. 0-0 0-0 15. Bd2 Nc5 16. Bc4 Nfe4 17. Be3 Nd7 18. Nd4 Bxd4 19. Bxd4 Nd2 20. Bb3 Nxf1 21. Rxf1 e5 22. Bc3 g5 23. f3 Kh7 24. Nf2 a5 25. Bc4 f6 26. Bd3+ Kg7 27. Ne4 b6 28. Nd6 Nc5 29. Bf5 Bxf5 30. Nxf5+ Kh7 31. b3 Rad8 32. Kf2 Ne6 33. Ke3 Nf4 34. Kf2 Rc8 35. Rd1 Rxc3 36. Rd7+ Kh8 37. g3 Rxc2+ 38. Kf1 Ne6 39. Ne7 Rf7 40. Rb7 Rc7 41. Rb8+ Kg7 42. Nd5 Rcd7 43. Ne3 Rd3 44. Ke2 Rxe3+ 45. Kxe3 Nc5 46. Rxb6 Nb7 47. g4 Re7 48. Ke4 Rd7 49. Kf5 Rf7 50. a3 Nc5 51. Rb5 Nd3 52. Rxa5 1-0

[Event "Campinas LCX 13th"]
[Site "Campinas"]
[Date "2008.11.29"]
[Round "1"]
[White "De Moraes, Francisco Jose Baen"]
[Black "Freire, Rodrigo da Silva"]
[Result "1-0"]
[WhiteElo "1915"]
[BlackElo "1864"]
[PlyCount "89"]
[EventDate "2008.11.29"]
[EventType "tourn"]
[EventRounds "9"]
[EventCountry "BRA"]
[SourceTitle "EXT 2022"]
[Source "ChessBase"]
[SourceDate "2021.10.06"]
[SourceVersion "1"]
[SourceVersionDate "2021.10.06"]
[SourceQuality "1"]

1. d4 d5 2. c4 c6 3. Nc3 Nf6 4. Nf3 e6 5. Bg5 Be7 6. e3 Nbd7 7. Qc2 0-0 8. Bd3 h6 9. Bh4 a6 10. 0-0 dxc4 11. Bxc4 b5 12. Bd3 Bb7 13. Rfd1 Qb6 14. Ne5 Rfc8 15. Bxf6 Nxf6 16. Ne4 Rd8 17. Rac1 Rac8 18. Nc5 Bxc5 19. Qxc5 Qxc5 20. Rxc5 Nd7 21. Nxd7 Rxd7 22. Rdc1 f6 23. Be4 Kf7 24. b4 a5 25. a4 bxa4 26. bxa5 Ke7 27. Ra1 e5 28. Bf5 exd4 29. Bxd7 Kxd7 30. exd4 Re8 31. f3 Ba6 32. Rxa4 Bb5 33. Ra3 Ba6 34. d5 cxd5 35. Rxd5+ Kc6 36. Rd2 Re5 37. Rb2 Bb5 38. a6 Re8 39. Rxb5 Kxb5 40. a7 Ra8 41. Kf2 Kb6 42. Ke3 Rxa7 43. Rxa7 Kxa7 44. Ke4 Kb6 45. Kf5 1-0